000 00461nam a2200169Ia 4500
008 090711s9999 xx 000 0 und d
082 _b22978
100 _aजोशी प्रभाकर
245 _aअनुरक्त
260 _c1970
300 _a124
600 _aजोशी प्रभाकर
630 _aअनुरक्त
700 _aजोशी प्रभाकर
730 _aअनुरक्त
942 _cBOOK
999 _c299202
_d299202